Los sueños / (Record no. 168525)

MARC details
000 -LEADER
campo de control de longitud fija 00572nam a22001815i 4500
001 - NÚMERO DE CONTROL
campo de control 168525
003 - IDENTIFICADOR DE NÚMERO DE CONTROL
campo de control ES-MaACL
005 - FECHA Y HORA DE LA ÚLTIMA TRANSACCIÓN
campo de control 20230906213819.0
008 - DATOS DE LONGITUD FIJA--INFORMACIÓN GENERAL
campo de control de longitud fija 080417s1967 sp |||| | spa d
080 ## - NÚMERO DE LA CLASIFICACIÓN DECIMAL UNIVERSAL
Número de la Clasificación Decimal Universal 159.963.38
100 1# - ENTRADA PRINCIPAL--NOMBRE DE PERSONA
Nombre de persona Mackenzie, Norman.
9 (RLIN) 75253
245 14 - MENCIÓN DEL TÍTULO
Título Los sueños /
Mención de responsabilidad, etc. Norman Mackenzie ; [versión... de Antonio González Grau].
260 ## - PUBLICACIÓN, DISTRIBUCIÓN, ETC.
Lugar de publicación, distribución, etc. Barcelona :
Nombre del editor, distribuidor, etc. Caralt,
Fecha de publicación, distribución, etc. [1967]
300 ## - DESCRIPCIÓN FÍSICA
Extensión 351 p. :
Otras características físicas il. ;
Dimensiones 25 cm.
650 14 - PUNTO DE ACCESO ADICIONAL DE MATERIA--TÉRMINO DE MATERIA
Término de materia o nombre geográfico como elemento de entrada Sueños-
Subdivisión general Interpretación.
9 (RLIN) 17253
700 1# - ENTRADA AGREGADA--NOMBRE PERSONAL
Nombre de persona González Grau, Antonio.
9 (RLIN) 137606
852 ## - LOCALIZACIÓN
Ubicación ES-MaACL
Número de control de estantería C-37390
itemnumber R.71394
Holdings
Estatus retirado Estado de pérdida Estado de daño No para préstamo Biblioteca de origen Biblioteca actual Ubicación en estantería Fecha de adquisición Fuente de adquisición Total de préstamos Signatura topográfica completa Código de barras Visto por última vez Precio de reemplazo Tipo de ítem Koha
        Biblioteca del Ateneo de Madrid Biblioteca del Ateneo de Madrid Depósito 2 17/04/2008     C-37390 1176850 23/02/2023 23/02/2023 Libro impreso